[Event "Pontevedra op-B 6th"]
[Site "Pontevedra"]
[Date "2018.08.09"]
[Round "2"]
[White "Steinhauser, Florian"]
[Black "Nurgaliyev, Sauat"]
[Result "0-1"]
[WhiteElo "1848"]
[BlackElo "1613"]
[PlyCount "72"]
[EventDate "2018.08.08"]
[EventType "swiss"]
[EventRounds "9"]
[EventCountry "ESP"]
[SourceTitle "CBM 186 Extra"]
[Source "ChessBase"]
[SourceDate "2018.08.24"]
[SourceVersion "1"]
[SourceVersionDate "2018.08.24"]
[SourceQuality "1"]

1. c4 Nf6 2. Nc3 e6 3. g3 d5 4. cxd5 exd5 5. d4 c6 6. Bg2 Bd6 7. Bg5 0-0 8. Nf3 Qb6 9. Bxf6 Qxb2 10. Nxd5 cxd5 11. Be5 Bb4+ 12. Kf1 Nc6 13. Qc1 Qxc1+ 14. Rxc1 f6 15. Bf4 Bf5 16. Nh4 Be6 17. Be3 Rac8 18. f4 g6 19. Kf2 Ba3 20. Rb1 b6 21. Rb3 Be7 22. Rc1 Nb4 23. Rbc3 Rxc3 24. Rxc3 Nxa2 25. Rc7 Re8 26. Rxa7 Nc3 27. Bc1 b5 28. Ba3 b4 29. Bc1 Kf8 30. Nf3 Rb8 31. Ke1 b3 32. Bb2 Bb4 33. Nd2 Nb1 34. Bc1 Bxd2+ 35. Bxd2 Nxd2 36. Kxd2 b2 0-1

[Event "Rheinland Pfalz op 10th"]
[Site "Nickenich"]
[Date "2018.06.02"]
[Round "6"]
[White "Steinhauser, Florian"]
[Black "Busch, Lorenz"]
[Result "1-0"]
[WhiteElo "1778"]
[BlackElo "2089"]
[PlyCount "114"]
[EventDate "2018.05.31"]
[EventType "swiss"]
[EventRounds "7"]
[EventCountry "GER"]
[SourceTitle "EXT 2019"]
[Source "ChessBase"]
[SourceDate "2018.10.10"]
[SourceVersion "1"]
[SourceVersionDate "2018.10.10"]
[SourceQuality "1"]

1. c4 c6 2. Nf3 d5 3. cxd5 cxd5 4. g3 Nc6 5. d4 Nf6 6. Bg2 Bf5 7. 0-0 e6 8. Nh4 Be4 9. f3 Bxb1 10. Rxb1 Nd7 11. f4 Nxd4 12. Be3 Nc6 13. f5 Be7 14. fxe6 fxe6 15. Bh3 Bxh4 16. gxh4 Qxh4 17. Bxe6 Nf6 18. Qd3 Qe4 19. Qxe4 dxe4 20. Rbd1 Ke7 21. Bb3 b6 22. Ba4 Nb4 23. a3 Nbd5 24. Bg5 Rad8 25. Bb3 Nc7 26. Rc1 Ne6 27. Bxf6+ gxf6 28. Bxe6 Kxe6 29. Rc6+ Ke5 30. Rfxf6 Rhg8+ 31. Kf2 Rdf8 32. Rxf8 Rxf8+ 33. Ke3 Rf7 34. Rh6 Re7 35. Rh4 Kd5 36. Rh5+ Kc4 37. Rh4 Kb3 38. Rxe4 Rxe4+ 39. Kxe4 b5 40. Kd4 Kxb2 41. Kc5 Kxa3 42. Kxb5 Kb3 43. e4 a5 44. e5 a4 45. e6 a3 46. e7 a2 47. e8Q a1Q 48. Qf7+ Ka3 49. Qa7+ Kb2 50. Qxa1+ Kxa1 51. h4 h5 52. Kc4 Kb2 53. Kd4 Kb3 54. Ke4 Kc4 55. Kf5 Kd5 56. Kg6 Ke6 57. Kxh5 Kf7 1-0

[Event "Rheinland Pfalz op 10th"]
[Site "Nickenich"]
[Date "2018.06.01"]
[Round "4"]
[White "Steinhauser, Florian"]
[Black "Gruschinski, Rainer"]
[Result "1/2-1/2"]
[WhiteElo "1778"]
[BlackElo "1966"]
[PlyCount "124"]
[EventDate "2018.05.31"]
[EventType "swiss"]
[EventRounds "7"]
[EventCountry "GER"]
[SourceTitle "EXT 2019"]
[Source "ChessBase"]
[SourceDate "2018.10.10"]
[SourceVersion "1"]
[SourceVersionDate "2018.10.10"]
[SourceQuality "1"]

1. c4 e6 2. Nc3 c5 3. Nf3 a6 4. Qb3 Nc6 5. d3 Nf6 6. g3 Be7 7. Bg5 Qc7 8. Bg2 0-0 9. 0-0 d6 10. Na4 Rb8 11. Qb6 Bd8 12. Qb3 Bd7 13. Nc3 h6 14. Bd2 Nd4 15. Qd1 Bc6 16. e4 Be7 17. Ne2 Nxe2+ 18. Qxe2 Nd7 19. d4 b5 20. d5 Ba8 21. dxe6 fxe6 22. Bh3 e5 23. Be6+ Kh8 24. Ng5 Bxg5 25. Bxg5 Nf6 26. Bxf6 Rxf6 27. Bd5 Bxd5 28. cxd5 Rbf8 29. f3 Qf7 30. Kg2 h5 31. h3 Qg6 32. Qe3 h4 33. g4 Rf4 34. Rae1 Qg5 35. Re2 Qd8 36. Qa3 a5 37. Re3 g5 38. Qd3 Qb6 39. Rc1 c4 40. Qd2 Qd4 41. Qe2 Rc8 42. b3 c3 43. Rd3 Qc5 44. Qc2 b4 45. Re1 Kg7 46. Rde3 Kg6 47. Kf2 Ra8 48. a4 Raf8 49. Kg2 R4f7 50. R3e2 Qc7 51. Re3 Qd8 52. R3e2 Rc7 53. Qc1 Qf6 54. Rc2 Rcf7 55. Qe3 Qd8 56. Qe2 Qb6 57. Qf2 Qa6 58. Re3 Rf4 59. Qe2 Qb6 60. Qf2 Qd4 61. Qe2 R8f7 62. Rd3 Qb6 1/2-1/2

[Event "SVR-op"]
[Site "Hennweiler"]
[Date "2018.03.25"]
[Round "3"]
[White "Steinhauser, Florian"]
[Black "Greber, Jakob"]
[Result "1-0"]
[WhiteElo "1708"]
[BlackElo "1356"]
[PlyCount "97"]
[EventDate "2018.03.24"]
[EventType "swiss"]
[EventRounds "7"]
[EventCountry "GER"]
[SourceTitle "EXT 2020"]
[Source "ChessBase"]
[SourceDate "2019.10.17"]
[SourceVersion "1"]
[SourceVersionDate "2019.10.17"]
[SourceQuality "1"]

1. c4 c5 2. g3 Nc6 3. Bg2 e6 4. Nc3 Nf6 5. Nf3 Be7 6. 0-0 0-0 7. a3 d6 8. Rb1 Rb8 9. b4 a6 10. d3 Qc7 11. bxc5 dxc5 12. Bf4 Bd6 13. Bxd6 Qxd6 14. Ng5 Qe5 15. Qd2 Nd4 16. f4 Qc7 17. e3 Nf5 18. Nge4 Ng4 19. Nd1 Bd7 20. h3 Nf6 21. Nxf6+ gxf6 22. g4 Ne7 23. Nc3 Bc6 24. Ne4 f5 25. Nf6+ Kh8 26. Qc3 e5 27. fxe5 Ng8 28. Rxf5 Nxf6 29. Rxf6 Kg8 30. Rbf1 Rbe8 31. d4 Bxg2 32. Kxg2 Re6 33. g5 Rxf6 34. gxf6 Kh8 35. Rf3 Qc6 36. d5 Qa4 37. Rf1 Rg8+ 38. Kh2 Qd7 39. e6 Qd6+ 40. Rf4 Rf8 41. Kg2 Kg8 42. Rg4+ Kh8 43. e4 Qb6 44. e7 Re8 45. Kf3 Qb1 46. Ke3 Qf1 47. Rg3 h5 48. d6 Qd1 49. Qd2 1-0

[Event "SVR-op"]
[Site "Hennweiler"]
[Date "2018.03.24"]
[Round "2"]
[White "Ley, Peter"]
[Black "Steinhauser, Florian"]
[Result "1-0"]
[WhiteElo "1970"]
[BlackElo "1708"]
[PlyCount "61"]
[EventDate "2018.03.24"]
[EventType "swiss"]
[EventRounds "7"]
[EventCountry "GER"]
[SourceTitle "EXT 2020"]
[Source "ChessBase"]
[SourceDate "2019.10.17"]
[SourceVersion "1"]
[SourceVersionDate "2019.10.17"]
[SourceQuality "1"]

1. e4 c5 2. Nc3 d6 3. f4 Nc6 4. Bb5 Bd7 5. Nf3 a6 6. Bxc6 bxc6 7. d3 e6 8. 0-0 g6 9. Qe1 Rb8 10. Qg3 Nf6 11. f5 Nh5 12. Qg4 exf5 13. exf5 Bxf5 14. Qa4 Qc8 15. Re1+ Kd7 16. a3 Nf6 17. Bg5 Bg7 18. d4 Rxb2 19. dxc5 Bxc2 20. Qd4 Qd8 21. Qxd6+ Kc8 22. Qxc6+ Qc7 23. Qxa6+ Rb7 24. c6 Qb6+ 25. Qxb6 Rxb6 26. Rac1 Bf5 27. Bxf6 Bxf6 28. Nd5 Bd8 29. c7 Bxc7 30. Nxb6+ Kb7 31. Nd5 1-0